| 000 | 00703cam a22002293a 4500 | ||
|---|---|---|---|
| 001 | 22917 | ||
| 003 | PGUSA | ||
| 005 | 20140828083504.0 | ||
| 008 | 071008s2007||||xxu|||||s|||||000 | eng d | ||
| 040 |
_aPGUSA _beng |
||
| 042 | _adc | ||
| 050 | 4 | _aQB | |
| 100 | 1 | _aGuilmin, Adrien | |
| 245 | 1 | 0 |
_aLeçons de cosmographie : _bà l'usage des lycées et collèges et de tous les établissements d'instruction publique _h[electronic resource] / _cAdrien Guilmin |
| 260 |
_bProject Gutenberg, _c2007 |
||
| 506 | _aPublic domain in the USA. | ||
| 516 | _aElectronic text | ||
| 653 | _aCosmography | ||
| 830 | 0 |
_aProject Gutenberg _v22917 |
|
| 856 | 4 | 0 | _uhttp://www.gutenberg.org/ebooks/22917 |
| 942 | _cEB | ||
| 999 |
_c252172 _d252172 |
||